|
|
|
|
| LEADER |
00000csc a2200000 a 4500 |
| 001 |
55336 |
| 005 |
20230308212938.0 |
| 008 |
000000|1968 ||||||||r|||||||||||spa|| |
| 040 |
|
|
|b spa
|
| 041 |
1 |
|
|a fre
|
| 082 |
0 |
|
|a 849.8
|
| 100 |
1 |
|
|a Barnea, Ion
|9 70206
|
| 245 |
|
|
|a Romanii la dunárea de jos
|c Radu Vulpe
|h imp
|
| 264 |
|
|
|a Bucarest
|b Academiei Republicii Socialiste Romania
|c 1968
|
| 300 |
|
|
|a 590 páginas:
|c 24 cm
|
| 490 |
|
|
|a Bibliotheca Historica Romaniae
|n no. 4
|v Volumen 2
|
| 504 |
|
|
|a incl. ref.
|
| 650 |
1 |
|
|a Literatura rumana
|9 1650
|
| 852 |
|
|
|a UC-CDJBV
|c TERCER PISO
|f Donación
|k guillermina.martinez
|l 1
|m General
|p 00000000
|r 8
|t 55336
|y 148500
|b 0
|d CDRC
|e CDRC
|g 849.8 TERCER PISO
|z 0000-00-00
|
| 942 |
|
|
|
| 999 |
|
|
|c 123911
|d 123911
|